skbl

Dr Suryya Kumar Bhuyan Library Web-OPAC
ডঃ সূৰ্য্য
কুমাৰ ভূঞা পুথিভঁৰাল ৱেব-অ'পেক

All Research Scholars are advised to clear the annual library fees to continue using Library Resources, Remote Access, Plagiarism Test and Library Clearance.

Cotton University Book Fair 2026

Dukhasri (Record no. 64577)

MARC details
000 -LEADER
fixed length control field 00491nam a2200181Ia 4500
001 - CONTROL NUMBER
control field 63474
008 - FIXED-LENGTH DATA ELEMENTS--GENERAL INFORMATION
fixed length control field 190709n ii |||gr||||Z||||||bed
082 ## - DEWEY DECIMAL CLASSIFICATION NUMBER
Classification number 891.49 B
100 ## - MAIN ENTRY--PERSONAL NAME
Personal name Narzary,Upendra Chandra .
245 #0 - TITLE STATEMENT
Title Dukhasri
Statement of responsibility, etc. By Upendra Chandra Narzary
Medium Textual Documents
250 ## - EDITION STATEMENT
Edition statement First--2008.
260 ## - PUBLICATION, DISTRIBUTION, ETC.
Place of publication, distribution, etc. Kakrajhar:
Name of publisher, distributor, etc. Bodo Deptt Teacher Association.
300 ## - PHYSICAL DESCRIPTION
Extent 243pg:
Dimensions 23cm.
653 ## - INDEX TERM--UNCONTROLLED
Uncontrolled term Dukhasri
653 ## - INDEX TERM--UNCONTROLLED
Uncontrolled term Course related books
653 ## - INDEX TERM--UNCONTROLLED
Uncontrolled term G-Bodo
942 ## - ADDED ENTRY ELEMENTS (KOHA)
Source of classification or shelving scheme Dewey Decimal Classification
Koha item type Books
Holdings
Withdrawn status Lost status Damaged status Not for loan Collection Home library Current library Shelving location Date acquired Cost, normal purchase price Total checkouts Full call number Barcode Date last seen Copy number Price effective from Koha item type
          Dr. Suryya Kumar Bhuyan Library Dr. Suryya Kumar Bhuyan Library   09/07/2019 200.00   891.49 B Na 164 Du 2030/cu 14/01/2024 2 09/07/2019 Books
          Dr. Suryya Kumar Bhuyan Library Dr. Suryya Kumar Bhuyan Library   09/07/2019 200.00   891.49 B Na 164 Du 2026/cu 14/01/2024 3 09/07/2019 Books
          Dr. Suryya Kumar Bhuyan Library Dr. Suryya Kumar Bhuyan Library   09/07/2019 200.00   891.49 B Na 164 Du 2027/cu 14/01/2024 4 09/07/2019 Books
          Dr. Suryya Kumar Bhuyan Library Dr. Suryya Kumar Bhuyan Library   09/07/2019 200.00   891.49 B Na 164 Du 2028/cu 14/01/2024 5 09/07/2019 Books
          Dr. Suryya Kumar Bhuyan Library Dr. Suryya Kumar Bhuyan Library   09/07/2019 200.00   891.49 B Na 164 Du 2029/Cu 14/01/2024 1 09/07/2019 Books

Designed and Maintained by Team SKBL
©1901-2026

Powered by Koha